| 000 | 00478nam a2200193Ia 4500 | ||
|---|---|---|---|
| 005 | 20240823041037.0 | ||
| 008 | 240823s9999||||xx |||||||||||||| ||und|| | ||
| 041 | _aENGLISH | ||
| 082 | _A005.133 L8 | ||
| 100 | _a"Philippakis,Andreas S" | ||
| 245 | 0 | _aInformation System Through COBOL | |
| 250 | _a2nd | ||
| 260 |
_c1978 _b"MGH,Auckland" |
||
| 500 | _aYES | ||
| 650 |
_aInformation _bManagement Studies |
||
| 700 | _a" Kazmier,Leonard" | ||
| 942 | _cBK | ||
| 999 |
_c204554 _d204554 |
||